|
|
|
|
| LEADER |
03440nam a22003853i 4500 |
| 001 |
EBC6956332 |
| 003 |
MiAaPQ |
| 005 |
20231204023223.0 |
| 006 |
m o d | |
| 007 |
cr cnu|||||||| |
| 008 |
231204s2021 xx o ||||0 ger d |
| 020 |
|
|
|a 9783839457399
|q (electronic bk.)
|
| 020 |
|
|
|z 9783837657395
|
| 035 |
|
|
|a (MiAaPQ)EBC6956332
|
| 035 |
|
|
|a (Au-PeEL)EBL6956332
|
| 035 |
|
|
|a (OCoLC)1264709931
|
| 040 |
|
|
|a MiAaPQ
|b eng
|e rda
|e pn
|c MiAaPQ
|d MiAaPQ
|
| 100 |
1 |
|
|a Frischmuth, Agatha.
|
| 245 |
1 |
0 |
|a Nichtstun als politische Praxis :
|b Literarische Reflexionen von Untätigkeit in der Moderne.
|
| 250 |
|
|
|a 1st ed.
|
| 264 |
|
1 |
|a Bielefeld :
|b transcript,
|c 2021.
|
| 264 |
|
4 |
|c {copy}2021.
|
| 300 |
|
|
|a 1 online resource (331 pages)
|
| 336 |
|
|
|a text
|b txt
|2 rdacontent
|
| 337 |
|
|
|a computer
|b c
|2 rdamedia
|
| 338 |
|
|
|a online resource
|b cr
|2 rdacarrier
|
| 490 |
1 |
|
|a Studien der Kulturwissenschaftlichen Gesellschaft
|
| 505 |
0 |
|
|a Cover -- Inhalt -- Danksagung -- Einleitung -- Philosophische Überlegungen: Nichtstun als politische Praxis -- Handlung und Geschichte -- Überwindung der Zweck-Mittel-Relation -- Ereignis und Geschichte -- Rekonzeptualisierung des Handelns -- Gemeinschaft -- Gemeinschaft durch Tätigkeit und Arbeit -- Gemeinschaft 2.0: Werklosigkeit -- Bartleby: kollektive Distanz, reine Potenz -- Herrschaft -- Macht -- Ohnmacht -- Kritik -- Poetische Überlegungen: Binäropposition und Uneigentlichkeit -- Binäropposition -- Uneigentlichkeit -- Arbeit vs. Muße -- SIMULATION in Der Gehülfe von Robert Walser, 1907 -- Unverhältnismäßigkeiten der Arbeit -- Simulationen -- Ostentative, unechte Muße -- Hyperarbeit -- Gemeinschaft und Illusion -- ›Ost‹/Inaktiv vs. ›West‹/Aktiv -- PROJEKTION in Der Zauberberg von Thomas Mann, 1924 -- ›Orientalisiertes‹ Nichtstun -- Inaktivität begehren -- Angst vor dem Osten -- Politiken des Nichtstuns -- »Regieren«: Herrschaft durch Nichtstun -- »Politischer Faktor«τ̔̈Α«·- Gemeinschaft statt Politik -- Indifferenz vs. Handlung -- PRÄTENTION in Un homme qui dort von Georges Perec, 1967 -- Rund um das Handlungsparadigma 1968 -- Das Projekt Indifferenz -- Performativer Widerspruch -- Indifferenz als Kritik -- Handlung und geschichtsphilosophische Fremdbestimmung -- Nichtstun als geschichtliche Selbstbestimmung -- Kontrollverlust und Herrschaftsphantasie -- Aufgabe der Indifferenz und Rückkehr in die Gemeinschaft -- Sprechen vs. Handeln -- KOMPENSATION in Bombel von Mirosław Nahacz, 2004 -- Dorf und Bushaltestelle: Räume praktischen Nichtstuns -- Erzählen -- Arbeit, eine Lüge -- Fortschrittsillusion -- Biopolitik vs. Organische Gemeinschaft -- Kontrolle des inaktiven Körpers -- Gemeinschaft der Nichtstuer -- Fazit und Ausblick -- Literaturverzeichnis.
|
| 588 |
|
|
|a Description based on publisher supplied metadata and other sources.
|
| 590 |
|
|
|a Electronic reproduction. Ann Arbor, Michigan : ProQuest Ebook Central, 2023. Available via World Wide Web. Access may be limited to ProQuest Ebook Central affiliated libraries.
|
| 655 |
|
4 |
|a Electronic books.
|
| 776 |
0 |
8 |
|i Print version:
|a Frischmuth, Agatha
|t Nichtstun als politische Praxis
|d Bielefeld : transcript,c2021
|z 9783837657395
|
| 797 |
2 |
|
|a ProQuest (Firm)
|
| 830 |
|
0 |
|a Studien der Kulturwissenschaftlichen Gesellschaft
|
| 856 |
4 |
0 |
|u https://ebookcentral.proquest.com/lib/matrademy/detail.action?docID=6956332
|z Click to View
|